| 000 | 03144cam a2200349 a 4500 | ||
|---|---|---|---|
| 001 | 13358758 | ||
| 003 | OCoLC | ||
| 005 | 20250204145438.0 | ||
| 008 | 860312s1986 ilu b 100 0 eng | ||
| 020 |
_a0877846081 _q(pbk.) |
||
| 020 |
_a9780877846086 _q(pbk.) |
||
| 035 |
_a(OCoLC)13358758 _z(OCoLC)70407152 |
||
| 040 |
_aDLC _beng _cDLC _dZID _dOCL _dLVB _dBAKER _dYDXCP _dWY@ _dGEBAY _dBDX _dCFT _dOCLCQ _dCFT _dOCLCF _dOCLCO _dIOO _dOCLCQ _dOCL _dOCLCO _dDML _dOCLCO _dOCLCA _dDHA _dOCLCO _dFCX _dOCLCO _dSJG _dOCLCO |
||
| 082 | 0 | 4 |
_a261.8344 _219 _bWOM 1 |
| 245 | 0 | 0 |
_aWomen, authority & the Bible / _cedited by Alvera Mickelsen |
| 260 |
_aDowners Grove, Ill. : _bInterVarsity Press, _c©1986 |
||
| 300 |
_a304 pages ; _c21 cm |
||
| 336 |
_atext _btxt _2rdacontent |
||
| 337 |
_aunmediated _bn _2rdamedia |
||
| 338 |
_avolume _bnc _2rdacarrier |
||
| 500 | _aSelected papers from the Evangelical Colloquium on Women and the Bible, held Oct. 9-11, 1984, Oak Brook, Illinois | ||
| 504 | _aIncludes bibliographical references | ||
| 505 | 0 | _aWhy we're here / Patricia Gundry -- Response / Gretchen Gaebelein Hull -- Biblical authority & interpretation / Robert K. Johnston -- Biblical authority & feminist aspirations / Roger Nicole -- Biblical authority & the issues in questioin / Clark H. Pinnock -- Response to Pinnock, Nicole and Johnston / Stanley N. Gundry -- Authority, hierarchy & leadership patterns in the Bible / Richard N. Longnecker -- Response / Willard M. Swartley -- Response / Marianne Meye Thompson -- What does kephalē mean in the New Testament? / Berkeley & Alvera Mickelsen -- Response / Ruth A. Tucker -- Response / Philip Barton Payne -- Women, submission & ministry in 1 Corinthians / Walter L. Liefeld -- Response / Alan F. Johnson -- Galatians 3:28 : conundrum or solution? / Klyne R. Snodgrass -- Response / Susie C. Stanley -- Response / W. Ward Gasque -- 1 Timothy 2:9-15 & the place of women in the church's ministry / David M. Scholer -- 1 Timothy 2:12 : a classicist's view / Catherine Clark Kroeger -- Response / Walter L. Liefeld -- Response to Scholer and Kroeger / Nancy Wiles Holsey -- Strategies for change / Joan D. Flikkema -- Response / Frances F. Hiebert -- Response / Timothy P. Weber -- Hearing the cry / Nicholas Wolterstorff -- Understanding the differences / J.I. Packer -- Turning reality into dreams / Jeannette F. Scholer | |
| 520 | _aThe twenty-six evangelical leaders represented here, all participants in the Evangelical Colloquium on Women and the Bible, ask the hard questions about women's roles. Not all of them agree on everything. But they do agree that we must begin with the question, "What does the Bible teach?" They also agree that too often poor exegesis has been used to advocate positions on either side. Here support for women's ministry allies itself with scholarly rigor in the effort to break new ground | ||
| 630 | 0 | 0 |
_aBible _xEvidences, authority, etc. _vCongresses |
| 650 | 0 |
_aWomen _xBiblical teaching _vCongresses |
|
| 655 | 2 | _aCongress | |
| 655 | 7 |
_aCongresses. _2lcgft |
|
| 655 | 7 |
_aConference papers and proceedings. _2lcgft |
|
| 700 | 1 | _aMickelsen, Alvera | |
| 942 |
_2ddc _cBK _n0 |
||
| 999 |
_c10620 _d10620 |
||